000 00772nam a2200193 i 4500
001 122357
003 ES-MaACL
005 20231222191258.0
007 t|
008 070214s1958 sp r ||||1| spa d
100 0 _aPrieto y Llovera, Patricio.
_993951
245 1 3 _aEl Grande de España
_b: Capitán General Castaños, primer Duque de Bailén y primer Marqués de Portugalete (1758 - 1852) /
_cPatricio Pietro Llovera.
260 _aMadrid :
_bDiputación Permanente y Consejo de la Grandeza de España,
_c1958.
300 _a206 p., 4 lám. ;
_c24 cm.
600 1 4 _aCastaños, Francisco Javier,
_d1758-1852
_9157491
710 2 _aDiputación Permanente y Consejo de la Grandeza de España.
_93393
852 _aES-MaACL
_jC-14188
_bR.42143
999 _c122357
_d122357